Movies: Take A Seat! XV (Slideshow) Quiz Stats

 Plays Quiz not verified by Sporcle

Support Sporcle.
Go Orange.
Score 0/25 Timer 07:00
0 Plays Today
% Correct
Peter Pan
99.6%
The Wizard of Oz
99.6%
Kill Bill Vol. 2
98.1%
Toy Story
97.8%
La La Land
95.9%
Titanic
94.1%
Space Jam
92.9%
Django Unchained
87%
The Santa Clause 3: The Escape Clause
85.9%
Inception
83.6%
Sixteen Candles
83.3%
Birdman or (The Unexpected Virtue of Ignorance)
82.5%
The Sixth Sense
79.2%
% Correct
The Great Dictator
72.5%
Billy Madison
71%
The Lost Boys
69.5%
American Pie
61.3%
Catch Me If You Can
60.6%
Revolutionary Road
60.2%
The Cable Guy
58.7%
The Darjeeling Limited
53.9%
Gone Girl
47.6%
Still Alice
29%
Hail, Caesar!
28.6%
Woman in Gold
16%

You're not logged in!

Compare scores with friends on all Sporcle quizzes.
OR
Log In

From the Vault

Ancient Egypt A-Z

by NERampage

This might have been a little more tricky using hieroglyphics.
Remove Ads.
Support Sporcle.
Get the best of Sporcle when you Go Orange. This ad-free experience offers more features, more stats, and more fun while also helping to support Sporcle. Thank you for becoming a member.

Show Comments

Extras

Top Quizzes Today


Score Distribution

Your Account Isn't Verified!

In order to create a playlist on Sporcle, you need to verify the email address you used during registration. Go to your Sporcle Settings to finish the process.

Report this User

Report this user for behavior that violates our Community Guidelines.

Details: